000 00299nam a22001337a 4500
008 181011b xxu||||| |||| 00| 0 eng d
020 _a9780070523951
041 _aeng
080 _a621
100 _a27
101 _aMEK
245 _aPractical Electrical Wiring
_cRichter, H.P
942 _2udc
_cBK
999 _c49447
_d49447